[Event "CYCC U18 w"]
[Site "Hamilton CAN"]
[Date "2022.07.08"]
[Round "1.16"]
[White "Yang, Elena"]
[Black "Wang, Isabelle"]
[Result "0-1"]
[WhiteElo "1512"]
[BlackElo "1725"]
[PlyCount "76"]
[EventDate "2022.07.08"]
[EventType "swiss"]
[EventRounds "7"]
[EventCountry "CAN"]

1. d4 d5 2. Nc3 Nf6 3. Bg5 e6 4. a3 h6 5. Bh4 Be7 6. Nf3 b6 7. e3 Bb7 8. Qd2
Nbd7 9. Be2 O-O 10. h3 Ne4 11. Nxe4 dxe4 12. Bxe7 Qxe7 13. Nh2 c5 14. c3 cxd4
15. cxd4 f5 16. O-O Nf6 17. f4 Nd5 18. Bc4 Rac8 19. Rac1 Qh4 20. Qf2 Qh5 21.
Rfe1 Qf7 22. Qh4 Nf6 23. Nf1 Bd5 24. Nd2 Rc7 25. Ba6 Rxc1 26. Rxc1 Bb7 27. Bxb7
Qxb7 28. Nc4 Rc8 29. Qe1 Qc7 30. Qc3 Nd5 31. Qd2 b5 32. b3 bxc4 33. bxc4 Nb6
34. c5 Nd5 35. g4 Qf7 36. Rb1 fxg4 37. hxg4 Qg6 38. Qe2 Nc3 0-1

[Event "CYCC U18 w"]
[Site "Hamilton CAN"]
[Date "2022.07.08"]
[Round "2.1"]
[White "He, Emma"]
[Black "Wang, Isabelle"]
[Result "1-0"]
[WhiteElo "1903"]
[BlackElo "1725"]
[PlyCount "91"]
[EventDate "2022.07.08"]
[EventType "swiss"]
[EventRounds "7"]
[EventCountry "CAN"]

1. e4 e5 2. Nf3 Nc6 3. Bc4 Bc5 4. c3 Nf6 5. d3 O-O 6. Nbd2 d6 7. Nf1 Be6 8. Ng3
Bxc4 9. dxc4 Ng4 10. O-O a5 11. h3 Nxf2 12. Rxf2 Bxf2+ 13. Kxf2 Ne7 14. Kg1 c6
15. Qd3 Qc7 16. Nh4 d5 17. cxd5 cxd5 18. Ngf5 dxe4 19. Qxe4 Rad8 20. Nxe7+ Qxe7
21. Nf5 Qc7 22. Bh6 g6 23. Qh4 Qb6+ 24. Be3 Qe6 25. Ne7+ Kh8 26. Bg5 h5 27.
Nxg6+ Qxg6 28. Bxd8 Rg8 29. Qf6+ Kh7 30. Qxg6+ Kxg6 31. Bxa5 f5 32. Kf2 h4 33.
Re1 Kf6 34. Bc7 Re8 35. a4 f4 36. Bxe5+ Rxe5 37. Rxe5 Kxe5 38. Kf3 Kd5 39. Kxf4
Kc4 40. Kg4 Kb3 41. Kxh4 Kxb2 42. g4 Kxc3 43. g5 Kb4 44. g6 Kxa4 45. g7 b5 46.
g8=Q 1-0

[Event "CYCC U18 w"]
[Site "Hamilton CAN"]
[Date "2022.07.08"]
[Round "2.2"]
[White "Guo, Hazel"]
[Black "Morin, Sato"]
[Result "1-0"]
[WhiteElo "1723"]
[BlackElo "1366"]
[PlyCount "55"]
[EventDate "2022.07.08"]
[EventType "swiss"]
[EventRounds "7"]
[EventCountry "CAN"]

1. e4 d5 2. exd5 Qxd5 3. Nc3 Qa5 4. d4 Nf6 5. Nf3 c6 6. h3 Bf5 7. Bd3 Bg6 8.
Bxg6 hxg6 9. Qd3 Nbd7 10. Bd2 Rd8 11. Qe2 c5 12. Nd5 Nxd5 13. Bxa5 b6 14. Bd2
e6 15. c4 Nc7 16. Bf4 Na6 17. d5 Be7 18. dxe6 Nf6 19. exf7+ Kxf7 20. Ne5+ Kg8
21. Nxg6 Bf8 22. Nxh8 Re8 23. Be3 Kxh8 24. O-O Nc7 25. g4 Ne6 26. Qf3 Be7 27.
g5 Nh7 28. Qh5 1-0

[Event "CYCC U18 w"]
[Site "Hamilton CAN"]
[Date "2022.07.08"]
[Round "2.16"]
[White "Yang, Elena"]
[Black "Wu, Ingrid"]
[Result "0-1"]
[WhiteElo "1512"]
[BlackElo "1429"]
[PlyCount "130"]
[EventDate "2022.07.08"]
[EventType "swiss"]
[EventRounds "7"]
[EventCountry "CAN"]

1. c4 c5 2. Nc3 Nf6 3. g3 d6 4. Bg2 e6 5. d3 Nbd7 6. f4 a6 7. a4 Rb8 8. Nf3 b6
9. O-O Bb7 10. e4 Qc7 11. Re1 Rc8 12. b3 Be7 13. f5 e5 14. Nh4 h6 15. g4 Nxe4
16. dxe4 Bxh4 17. Re3 Be7 18. Rh3 Rg8 19. Be3 Nb8 20. Nd5 Qd8 21. Rh5 Bxd5 22.
exd5 Nd7 23. Bf2 Nf6 24. Rh3 Qd7 25. Bh4 Rb8 26. Re3 b5 27. axb5 axb5 28. Bxf6
Bxf6 29. Bf1 b4 30. Ra4 Ke7 31. Qa1 Rgc8 32. Re2 Rb7 33. Rea2 Rcc7 34. Ra6 Bg5
35. Rc6 Be3+ 36. Kh1 Bd4 37. Qb1 Ra7 38. Rxc7 Qxc7 39. Rxa7 Qxa7 40. Bd3 Qa3
41. Kg2 Qb2+ 42. Qxb2 Bxb2 43. Kf3 Kf6 44. h3 Kg5 45. Kg3 Bc3 46. h4+ Kf6 47.
h5 Kg5 48. Kf3 f6 49. Be2 Kh4 50. Bd3 Kh3 51. Be4 Kh2 52. Ke2 Kg3 53. Bf3 e4
54. Bxe4 Kxg4 55. Kf2 Kxh5 56. Kg3 Kg5 57. Bd3 Be5+ 58. Kh3 Kf4 59. Kh4 Ke3 60.
Bf1 Kd2 61. Kh5 Kc3 62. Kg6 Kxb3 63. Bd3 Kc3 64. Bb1 Kxc4 65. Kxg7 Kxd5 0-1

[Event "CYCC U18 w"]
[Site "Hamilton CAN"]
[Date "2022.07.09"]
[Round "3.14"]
[White "Morin, Sato"]
[Black "Yang, Elena"]
[Result "1-0"]
[WhiteElo "1366"]
[BlackElo "1512"]
[PlyCount "23"]
[EventDate "2022.07.08"]
[EventType "swiss"]
[EventRounds "7"]
[EventCountry "CAN"]

1. d4 d6 2. Bf4 Nf6 3. e3 g6 4. Nf3 Bg7 5. Bd3 O-O 6. O-O e6 7. Nbd2 Nbd7 8. e4
c5 9. Bxd6 Re8 10. dxc5 Bf8 11. e5 Nd5 12. Ne4 1-0

[Event "CYCC U18 w"]
[Site "Hamilton CAN"]
[Date "2022.07.09"]
[Round "3.15"]
[White "Wang, Isabelle"]
[Black "Wu, Ingrid"]
[Result "1-0"]
[WhiteElo "1725"]
[BlackElo "1429"]
[PlyCount "153"]
[EventDate "2022.07.08"]
[EventType "swiss"]
[EventRounds "7"]
[EventCountry "CAN"]

1. e4 c5 2. Nf3 d6 3. d4 cxd4 4. Nxd4 Nf6 5. Nc3 a6 6. Be3 b5 7. a3 Bb7 8. Bd3
e6 9. O-O Nbd7 10. f4 Nc5 11. e5 Nd5 12. Nxd5 Bxd5 13. Nf3 Rc8 14. Bxc5 dxc5
15. Qe2 c4 16. Be4 Bc5+ 17. Kh1 Bxe4 18. Qxe4 Qc7 19. f5 Qc6 20. Qg4 g6 21.
fxg6 hxg6 22. Ng5 Rc7 23. Qf4 Qd7 24. Rad1 Qe7 25. Rd2 Rh5 26. Ne4 Kf8 27. Nf6
Rh8 28. Rfd1 Kg7 29. Rd7 Rxd7 30. Rxd7 Rd8 31. Qh4 Qxd7 32. Nxd7 Rxd7 33. Qe1
Rd5 34. c3 Bb6 35. g3 Bc7 36. Kg2 Bxe5 37. Qf2 a5 38. Kh3 a4 39. Kg4 f5+ 40.
Kh3 Kf6 41. g4 Rd3+ 42. Kg2 Kg5 43. gxf5 gxf5 44. h4+ Kh6 45. Qb6 Rd2+ 46. Kf1
Bg3 47. Qxe6+ Kh5 48. Qxf5+ Kxh4 49. Qe4+ Kh3 50. Qf5+ Kh4 51. Qxb5 Rd1+ 52.
Ke2 Re1+ 53. Kd2 Re4 54. Qxa4 Be1+ 55. Kd1 Bg3 56. Qc6 Rf4 57. a4 Kg4 58. a5
Bf2 59. a6 Kf5 60. Qd7+ Ke5 61. a7 Bxa7 62. Qxa7 Kd5 63. Qd7+ Ke5 64. Kc2 Rf2+
65. Kb1 Rf1+ 66. Ka2 Rf4 67. Ka3 Re4 68. Kb4 Kf6 69. Qc6+ Ke5 70. Qxe4+ Kxe4
71. Kxc4 Ke5 72. Kc5 Ke6 73. Kc6 Ke7 74. Kc7 Ke6 75. c4 Ke5 76. b4 Kd4 77. b5
1-0

[Event "CYCC U18 w"]
[Site "Hamilton CAN"]
[Date "2022.07.09"]
[Round "3.16"]
[White "Guo, Hazel"]
[Black "He, Emma"]
[Result "0-1"]
[WhiteElo "1723"]
[BlackElo "1903"]
[PlyCount "90"]
[EventDate "2022.07.08"]
[EventType "swiss"]
[EventRounds "7"]
[EventCountry "CAN"]

1. e4 e5 2. Nf3 Nc6 3. d4 exd4 4. Bc4 Nf6 5. e5 d5 6. Bb5 Ne4 7. Nxd4 Bc5 8.
Bxc6+ bxc6 9. O-O Ba6 10. Re1 Nxf2 11. Kxf2 Qh4+ 12. Kg1 Bxd4+ 13. Be3 Bxb2 14.
Bf2 Qh6 15. Bd4 Bxa1 16. Bxa1 O-O 17. Nd2 c5 18. Nb3 Qc6 19. Qf3 Rad8 20. Bb2
Qb6 21. Ba3 Rfe8 22. Bxc5 Qc6 23. Qf2 Bc4 24. Na5 Qb5 25. Nxc4 Qxc4 26. Bxa7
Qxa2 27. Rf1 Rd7 28. Bd4 Qa6 29. Qf5 Qe6 30. Qf4 c5 31. Bxc5 Qxe5 32. Qg4 Qe6
33. Qg3 d4 34. Rd1 Qe2 35. Rd3 Qxc2 36. Bxd4 Qc1+ 37. Kf2 Qe1+ 38. Kf3 Qe2+ 39.
Kf4 Qe4+ 40. Kg5 h6+ 41. Kh5 Qf5+ 42. Kh4 Re4+ 43. Qf4 Qxf4+ 44. Kh3 Rdxd4 45.
Rxd4 Qg4# 0-1

[Event "CYCC U18 w"]
[Site "Hamilton CAN"]
[Date "2022.07.09"]
[Round "4.1"]
[White "Wang, Isabelle"]
[Black "Guo, Hazel"]
[Result "1/2-1/2"]
[WhiteElo "1725"]
[BlackElo "1723"]
[PlyCount "86"]
[EventDate "2022.07.08"]
[EventType "swiss"]
[EventRounds "7"]
[EventCountry "CAN"]

1. e4 c5 2. Nf3 d6 3. d4 cxd4 4. Nxd4 Nf6 5. Nc3 g6 6. Be3 Bg7 7. f3 Nc6 8. Qd2
O-O 9. O-O-O d5 10. exd5 Nxd5 11. Nxd5 Qxd5 12. Nxc6 Qxc6 13. Bh6 Bf5 14. Bxg7
Kxg7 15. Bd3 Be6 16. Kb1 Rfd8 17. h4 h5 18. Qe2 Rac8 19. Be4 Qb6 20. g4 Rh8 21.
Bd5 Bxd5 22. Rxd5 Rcd8 23. Rxd8 Qxd8 24. g5 Qd6 25. Rd1 Qc7 26. Qd2 Rc8 27. c3
a6 28. Qd7 b5 29. a4 bxa4 30. Qxa4 Qb7 31. Rd7 Qxf3 32. Rxe7 Qh1+ 33. Ka2 Qd5+
34. Qb3 Qa5+ 35. Kb1 Qf5+ 36. Ka2 Rc5 37. Qd1 Ra5+ 38. Kb3 Qb5+ 39. Kc2 Qa4+
40. Kc1 Qa1+ 41. Kc2 Qa4+ 42. Kc1 Qa1+ 43. Kc2 Qa4+ 1/2-1/2

[Event "CYCC U18 w"]
[Site "Hamilton CAN"]
[Date "2022.07.09"]
[Round "4.2"]
[White "Wu, Ingrid"]
[Black "Morin, Sato"]
[Result "1-0"]
[WhiteElo "1429"]
[BlackElo "1366"]
[PlyCount "81"]
[EventDate "2022.07.08"]
[EventType "swiss"]
[EventRounds "7"]
[EventCountry "CAN"]

1. e4 d5 2. exd5 Qxd5 3. Nc3 Qa5 4. Bc4 Nf6 5. h3 Bf5 6. Nf3 Nbd7 7. d3 e6 8.
Bd2 c6 9. Ne4 Qc7 10. Ng3 Bg6 11. Nh4 Bd6 12. Nxg6 hxg6 13. Nf1 Ne5 14. Bb3
O-O-O 15. Ne3 Bc5 16. Qe2 Rd4 17. Bc3 Bb4 18. Bxb4 Rxb4 19. c3 Rbh4 20. O-O-O
Neg4 21. Nxg4 Rxg4 22. hxg4 Qf4+ 23. Kc2 Rxh1 24. Rxh1 Nxg4 25. Qf3 Qxf3 26.
gxf3 Nh6 27. d4 Kd7 28. Kd3 Kd6 29. Bc2 Kd5 30. c4+ Kd6 31. b4 g5 32. Rg1 f6
33. a4 Nf5 34. Kc3 Nh4 35. f4 e5 36. dxe5+ Ke6 37. exf6 gxf6 38. fxg5 fxg5 39.
Rxg5 Kf6 40. Rg4 Nf3 41. Rf4+ 1-0

[Event "CYCC U18 w"]
[Site "Hamilton CAN"]
[Date "2022.07.09"]
[Round "4.16"]
[White "He, Emma"]
[Black "Yang, Elena"]
[Result "1-0"]
[WhiteElo "1903"]
[BlackElo "1512"]
[PlyCount "85"]
[EventDate "2022.07.08"]
[EventType "swiss"]
[EventRounds "7"]
[EventCountry "CAN"]

1. e4 e5 2. Nf3 Nc6 3. Bc4 Nf6 4. d3 h6 5. c3 Bc5 6. O-O d6 7. Nbd2 Be6 8. b4
Bb6 9. Bxe6 fxe6 10. Nc4 O-O 11. a4 a6 12. Nxb6 cxb6 13. Re1 Re8 14. Bb2 d5 15.
b5 Qc7 16. bxc6 bxc6 17. exd5 exd5 18. c4 d4 19. Nd2 c5 20. Ne4 Qe7 21. Qf3 Nd7
22. Bc1 Rf8 23. Qg3 Kh8 24. Qg6 Rf7 25. Bd2 a5 26. f3 Qf8 27. Qd6 Kg8 28. Qxf8+
Raxf8 29. Kf2 g5 30. Ke2 Kg7 31. h4 gxh4 32. Rh1 Nf6 33. Nxf6 Rxf6 34. Rxh4 Rg6
35. Kf2 Rg8 36. Rah1 Kf7 37. g4 Rf6 38. Rxh6 Rfg6 39. Rxg6 Rxg6 40. Rh6 Rxh6
41. Bxh6 Kg8 42. Bg5 Kf7 43. Bd8 1-0

[Event "CYCC U18 w"]
[Site "Hamilton CAN"]
[Date "2022.07.10"]
[Round "5.14"]
[White "He, Emma"]
[Black "Wu, Ingrid"]
[Result "1-0"]
[WhiteElo "1903"]
[BlackElo "1429"]
[PlyCount "151"]
[EventDate "2022.07.08"]
[EventType "swiss"]
[EventRounds "7"]
[EventCountry "CAN"]

1. e4 c5 2. Nf3 d6 3. Bb5+ Bd7 4. Bxd7+ Qxd7 5. c4 Nf6 6. Nc3 e6 7. d4 cxd4 8.
Nxd4 Nc6 9. O-O Be7 10. Be3 Ne5 11. b3 Rc8 12. Qe2 a6 13. a4 O-O 14. a5 d5 15.
exd5 exd5 16. Nxd5 Nxd5 17. cxd5 Qxd5 18. Rfd1 Qd7 19. Qh5 Ng6 20. Nf5 Qe6 21.
Nxe7+ Qxe7 22. Rac1 Rxc1 23. Rxc1 Re8 24. h3 Qb4 25. Qd5 h6 26. Rc7 Re7 27. Bd2
Qa3 28. Rxb7 Qa1+ 29. Kh2 Rxb7 30. Qxb7 Qe5+ 31. g3 Qe2 32. Be3 f6 33. Qd5+ Kh8
34. Qd2 Qf1 35. Bd4 Kg8 36. Qe3 Kf7 37. b4 Ne5 38. Qb3+ Kg6 39. Qc2+ Kf7 40.
Bxe5 fxe5 41. Qf5+ Kg8 42. g4 e4 43. Kg3 Qd3+ 44. Kg2 Qc4 45. Qc5 Qd3 46. Qe3
Qc4 47. Qc5 Qd3 48. Qf5 Qc4 49. Qc5 Qd3 50. Qc8+ Kf7 51. Qf5+ Ke7 52. Qe5+ Kf7
53. Qf4+ Kg8 54. Qe3 Qc4 55. Qc5 Qd3 56. b5 axb5 57. a6 Qf3+ 58. Kh2 Qf4+ 59.
Kg1 Qb8 60. Qd5+ Kh8 61. Qxe4 b4 62. Qb7 Qd8 63. a7 b3 64. a8=Q Qxa8 65. Qxa8+
Kh7 66. Qb7 Kg6 67. Qxb3 h5 68. gxh5+ Kxh5 69. Kg2 g6 70. Kg3 g5 71. Qf3+ g4
72. Qxg4+ Kh6 73. Kf4 Kh7 74. Kf5 Kh8 75. Kf6 Kh7 76. Qg7# 1-0

[Event "CYCC U18 w"]
[Site "Hamilton CAN"]
[Date "2022.07.10"]
[Round "5.15"]
[White "Morin, Sato"]
[Black "Wang, Isabelle"]
[Result "0-1"]
[WhiteElo "1366"]
[BlackElo "1725"]
[PlyCount "70"]
[EventDate "2022.07.08"]
[EventType "swiss"]
[EventRounds "7"]
[EventCountry "CAN"]

1. d4 d5 2. Bf4 Nf6 3. e3 e6 4. Nf3 Bd6 5. Bg3 O-O 6. Bd3 b6 7. Nbd2 Bb7 8. Qe2
c5 9. c3 Ne4 10. Rd1 f5 11. Bxd6 Nxd6 12. Ne5 Nc6 13. Qh5 cxd4 14. exd4 Ne4 15.
Nxc6 Bxc6 16. Nf3 Be8 17. Qh3 Ng5 18. Nxg5 Qxg5 19. Qg3 Qf6 20. O-O f4 21. Qh3
Bg6 22. Bxg6 Qxg6 23. Rfe1 Rf5 24. Rd3 Raf8 25. f3 R8f6 26. Rd2 Rh5 27. Qg4 Qh6
28. Rde2 Rg5 29. Qh3 Qxh3 30. Kh1 Qh6 31. Kg1 Kf7 32. Kh1 Rh5 33. h3 Qg6 34.
Kh2 Qg3+ 35. Kh1 Rfh6 0-1

[Event "CYCC U18 w"]
[Site "Hamilton CAN"]
[Date "2022.07.10"]
[Round "5.16"]
[White "Yang, Elena"]
[Black "Guo, Hazel"]
[Result "0-1"]
[WhiteElo "1512"]
[BlackElo "1723"]
[PlyCount "84"]
[EventDate "2022.07.08"]
[EventType "swiss"]
[EventRounds "7"]
[EventCountry "CAN"]

1. d4 e6 2. Nc3 f5 3. Nf3 Nf6 4. Bf4 Bb4 5. Bd2 b6 6. e3 Bb7 7. Bd3 O-O 8. Qe2
Bxc3 9. Bxc3 Ne4 10. Bxe4 Bxe4 11. Ne5 d6 12. f3 Bb7 13. Nd3 Nd7 14. O-O-O Qe7
15. f4 b5 16. a3 Nb6 17. b3 Nd5 18. Bb2 c5 19. dxc5 dxc5 20. Ne5 c4 21. bxc4
bxc4 22. Nxc4 Ba6 23. g4 Rfc8 24. Rd4 Qc7 25. gxf5 Bxc4 26. Qg4 Nxe3 27. Rxc4
Nxg4 28. Rxc7 Rxc7 29. fxe6 Nf2 30. Rg1 Nd3+ 31. Kb1 Nxb2 32. Kxb2 Rb8+ 33. Kc1
Rcb7 34. Rg3 Rb6 35. f5 Kf8 36. Kd2 Rb5 37. Rd3 Re5 38. c4 Rb2+ 39. Kc3 Rxh2
40. Kd4 Rhe2 41. c5 R2e4+ 42. Kc3 Ra4 0-1

[Event "CYCC U18 w"]
[Site "Hamilton CAN"]
[Date "2022.07.10"]
[Round "6.1"]
[White "He, Emma"]
[Black "Wu, Ingrid"]
[Result "1-0"]
[WhiteElo "1903"]
[BlackElo "1429"]
[PlyCount "129"]
[EventDate "2022.07.08"]
[EventType "swiss"]
[EventRounds "7"]
[EventCountry "CAN"]

1. e4 c5 2. Nf3 d6 3. c3 Nf6 4. Bd3 Nc6 5. Bc2 e6 6. d4 cxd4 7. cxd4 Be7 8. Nc3
a6 9. O-O b5 10. Qe2 O-O 11. e5 dxe5 12. dxe5 Nd5 13. Qe4 g6 14. Bh6 Re8 15.
Rfd1 Ncb4 16. Bb3 Bb7 17. Qg4 Qc8 18. Ne4 a5 19. Nfg5 a4 20. Qf3 Bxg5 21. Nxg5
Qc7 22. Bxd5 Nxd5 23. Rxd5 Qe7 24. Rd7 Bxf3 25. Rxe7 Rxe7 26. gxf3 Rc7 27. Rd1
Rac8 28. Kg2 Rc1 29. Rd7 R1c7 30. Rd4 Rc4 31. Rd7 R4c7 32. Rd4 Rb8 33. b3 axb3
34. axb3 Rbc8 35. Ne4 Rc6 36. b4 Rc4 37. Rd7 R4c7 38. Rxc7 Rxc7 39. Nd6 Rc6 40.
Be3 f6 41. Nxb5 fxe5 42. Na7 Rc7 43. b5 Kf8 44. b6 Rb7 45. Nc6 Ke8 46. Na5 Rb8
47. b7 Kd7 48. Ba7 Rxb7 49. Nxb7 Kc6 50. Nd8+ Kd5 51. Kg3 h6 52. Be3 h5 53. Kh4
Kd6 54. Kg5 Ke7 55. Nc6+ Kd6 56. Nb4 e4 57. fxe4 Ke5 58. f3 h4 59. Kxh4 Kf6 60.
Kg4 e5 61. Nd5+ Kf7 62. Kg5 Kg7 63. Ne7 Kf7 64. Nxg6 Ke6 65. h4 1-0

[Event "CYCC U18 w"]
[Site "Hamilton CAN"]
[Date "2022.07.10"]
[Round "6.2"]
[White "Wang, Isabelle"]
[Black "Guo, Hazel"]
[Result "0-1"]
[WhiteElo "1725"]
[BlackElo "1723"]
[PlyCount "126"]
[EventDate "2022.07.08"]
[EventType "swiss"]
[EventRounds "7"]
[EventCountry "CAN"]

1. e4 e6 2. d4 d5 3. exd5 exd5 4. Bf4 Nf6 5. Nf3 Bd6 6. Bxd6 Qxd6 7. Bd3 Bg4 8.
Qe2+ Be6 9. O-O O-O 10. c3 Bg4 11. Nbd2 Re8 12. Qd1 Nbd7 13. Qc2 Bxf3 14. Nxf3
Ne4 15. Nd2 Ndf6 16. Nxe4 dxe4 17. Be2 c6 18. Rfe1 Rac8 19. h3 c5 20. dxc5 Rxc5
21. Rad1 Qf4 22. Bf1 Rce5 23. Qd2 Qf5 24. c4 h5 25. Re3 g5 26. f3 Kg7 27. fxe4
Nxe4 28. Qe1 Qe6 29. Bd3 Qb6 30. Kh2 Qc7 31. Kg1 Qc5 32. Kh2 f5 33. Bxe4 fxe4
34. Rd7+ Kg6 35. Rxb7 a6 36. Rd7 Qxc4 37. Rd6+ R8e6 38. Rxe6+ Rxe6 39. b3 Qc7+
40. Qg3 Qc2 41. h4 Qc5 42. Qxg5+ Qxg5 43. hxg5 Kxg5 44. a3 Kf5 45. Kh3 Rd6 46.
Re2 Rd3+ 47. Kh4 e3 48. Kxh5 Ke4 49. g4 Kf3 50. Rh2 e2 51. Rxe2 Kxe2 52. g5
Rh3+ 53. Kg4 Rh1 54. Kf5 Rf1+ 55. Ke6 Kd2 56. g6 Kc2 57. Kd5 Rg1 58. Kc4 Kb2
59. a4 Ka3 60. a5 Rxg6 61. b4 Ka4 62. Kc5 Rh6 63. Kc4 Rh4+ 0-1

[Event "CYCC U18 w"]
[Site "Hamilton CAN"]
[Date "2022.07.10"]
[Round "6.15"]
[White "Yang, Elena"]
[Black "Morin, Sato"]
[Result "1-0"]
[WhiteElo "1512"]
[BlackElo "1366"]
[PlyCount "101"]
[EventDate "2022.07.08"]
[EventType "swiss"]
[EventRounds "7"]
[EventCountry "CAN"]

1. e4 d5 2. exd5 Qxd5 3. Nc3 Qa5 4. Nf3 Nf6 5. d4 Bf5 6. Bd3 Bxd3 7. Qxd3 c6 8.
O-O Nbd7 9. Bf4 e6 10. Rfe1 Be7 11. Ne5 Rd8 12. Ne4 Nxe4 13. Rxe4 Nc5 14. Nc4
Qb5 15. Nd6+ Bxd6 16. Qxb5 cxb5 17. dxc5 Bxc5 18. b4 Bb6 19. Kf1 O-O 20. Ree1
Rd4 21. Be3 Rd6 22. Bxb6 Rxb6 23. a4 a6 24. Rec1 Rc8 25. axb5 Rxb5 26. Rab1 Kf8
27. c4 Rh5 28. h3 Rh4 29. c5 Re4 30. b5 a5 31. c6 b6 32. Rd1 Ke8 33. Rd7 Rb4
34. Rxb4 axb4 35. Ke2 b3 36. Kd2 Rd8 37. Rxd8+ Kxd8 38. Kc3 Kc7 39. Kxb3 Kd6
40. Kc4 Kc7 41. Kd4 Kd6 42. f4 f6 43. Ke4 g6 44. g3 Kc7 45. g4 h6 46. h4 Kd6
47. g5 f5+ 48. Kd4 hxg5 49. hxg5 Kc7 50. Kd3 Kd8 51. Kd4 1-0

[Event "CYCC U18 w"]
[Site "Hamilton CAN"]
[Date "2022.07.11"]
[Round "7.13"]
[White "Guo, Hazel"]
[Black "He, Emma"]
[Result "1/2-1/2"]
[WhiteElo "1723"]
[BlackElo "1903"]
[PlyCount "67"]
[EventDate "2022.07.08"]
[EventType "swiss"]
[EventRounds "7"]
[EventCountry "CAN"]

1. e4 e5 2. Nf3 Nc6 3. d4 exd4 4. Bc4 Nf6 5. e5 d5 6. Bb5 Ne4 7. Nxd4 Bc5 8.
Be3 O-O 9. Nxc6 bxc6 10. Bxc5 Nxc5 11. Bxc6 Rb8 12. Qxd5 Qe7 13. Qd4 Rd8 14.
Qc3 Ba6 15. Nd2 Rb6 16. Be4 Rxd2 17. Qxd2 Nxe4 18. Qd4 Nc5 19. c4 Ne6 20. Qc3
Nf4 21. g3 Ng6 22. O-O-O Rc6 23. b3 h6 24. Rhe1 Bc8 25. Qf3 Bd7 26. Qd5 Qa3+
27. Kb1 Bf5+ 28. Ka1 Ra6 29. Re2 Qxb3 30. Rb2 Rxa2+ 31. Rxa2 Qc3+ 32. Rb2 Qa3+
33. Ra2 Qc3+ 34. Rb2 1/2-1/2

[Event "CYCC U18 w"]
[Site "Hamilton CAN"]
[Date "2022.07.11"]
[Round "7.14"]
[White "Wu, Ingrid"]
[Black "Yang, Elena"]
[Result "0-1"]
[WhiteElo "1429"]
[BlackElo "1512"]
[PlyCount "180"]
[EventDate "2022.07.08"]
[EventType "swiss"]
[EventRounds "7"]
[EventCountry "CAN"]

1. e4 d6 2. d4 Nf6 3. Nc3 e6 4. Be3 a6 5. f4 c6 6. h3 b5 7. a3 Bb7 8. Be2 c5 9.
Bf3 cxd4 10. Bxd4 Nc6 11. Bf2 Be7 12. Nge2 Qc7 13. Qd2 Na5 14. b3 Rc8 15. O-O
O-O 16. Rfc1 Rfd8 17. Qe1 Nc6 18. b4 d5 19. exd5 Nxd5 20. Nxd5 exd5 21. Rd1 Bf6
22. c3 Ne7 23. Rac1 Qc4 24. Nd4 Ng6 25. Qd2 Re8 26. Bg4 Rcd8 27. Re1 Bc8 28.
Bf3 Nh4 29. Be2 Qc7 30. g3 Ng6 31. Kh2 Qd7 32. Bg4 Qc7 33. Bf3 Qd7 34. Bg2 h6
35. Nb3 Rxe1 36. Rxe1 Ne7 37. Nc5 Qd6 38. Bd4 Bxd4 39. Qxd4 Nc6 40. Qd3 g6 41.
Rd1 Ne7 42. Qf3 Qc7 43. Rd4 a5 44. Qd3 axb4 45. axb4 Qc6 46. Qe2 Be6 47. Bf1
Nf5 48. Rd1 Ra8 49. Rd2 Ra3 50. Qf3 Qe8 51. g4 Ne7 52. Qe3 Ra1 53. Bg2 Qc8 54.
Re2 g5 55. Nxe6 fxe6 56. fxg5 Qc7+ 57. Qe5 Qxe5+ 58. Rxe5 hxg5 59. Rxe6 Kf7 60.
Re5 Kf6 61. Re3 Ra3 62. Rf3+ Ke5 63. Kg3 Ra2 64. Re3+ Kf6 65. Bf1 Ra3 66. Kf3
Nc6 67. Rd3 Ne5+ 68. Ke3 Nxd3 69. Kxd3 Ke5 70. Kc2 d4 71. cxd4+ Kxd4 72. Bxb5
Rxh3 73. Bd7 Kc4 74. b5 Rh2+ 75. Kd1 Kc3 76. Bf5 Kd4 77. b6 Rb2 78. b7 Rxb7 79.
Kc2 Ke3 80. Kd1 Rb2 81. Kc1 Rg2 82. Kd1 Rg1+ 83. Kc2 Kf4 84. Kd3 Rxg4 85. Bxg4
Kxg4 86. Ke3 Kg3 87. Ke2 Kg2 88. Ke1 g4 89. Ke2 Kh2 90. Kf2 g3+ 0-1

[Event "CYCC U18 w"]
[Site "Hamilton CAN"]
[Date "2022.07.11"]
[Round "7.15"]
[White "Morin, Sato"]
[Black "Wang, Isabelle"]
[Result "0-1"]
[WhiteElo "1366"]
[BlackElo "1725"]
[PlyCount "120"]
[EventDate "2022.07.08"]
[EventType "swiss"]
[EventRounds "7"]
[EventCountry "CAN"]

1. d4 d5 2. Bf4 Nf6 3. e3 Bf5 4. Nf3 e6 5. Nbd2 Nbd7 6. c4 c5 7. Qb3 Qb6 8. Be2
Be7 9. O-O O-O 10. Rac1 Nh5 11. Qxb6 axb6 12. a3 Nxf4 13. exf4 Bf6 14. Nb3 Bg4
15. Rfd1 dxc4 16. Rxc4 b5 17. Rc2 c4 18. Nc1 Bf5 19. Rcd2 Nb6 20. Ne5 Nd5 21.
g3 c3 22. bxc3 Nxc3 23. Re1 Rxa3 24. Rb2 Ra4 25. Bxb5 Rxd4 26. Bf1 b5 27. Ne2
Nxe2+ 28. Bxe2 b4 29. Nc6 Rd6 30. Ne5 Bxe5 31. fxe5 Rd4 32. f4 Rb8 33. Kf2 b3
34. Rc1 Rdb4 35. Bd1 Be4 36. Rc3 Bd5 37. Ke3 g6 38. Kd3 Kg7 39. Ke3 Ra4 40. Kd2
Rd4+ 41. Kc1 Rdb4 42. Kd2 Rd4+ 43. Kc1 Rdb4 44. Kd2 Ra4 45. Bxb3 Bxb3 46. Rcxb3
Rxb3 47. Rxb3 Ra2+ 48. Ke3 Rxh2 49. Kf3 h5 50. Re3 Kh6 51. Rd3 g5 52. Rd7 g4+
53. Ke4 Kg6 54. Rd3 Rh3 55. Re3 h4 56. gxh4 Rxe3+ 57. Kxe3 Kh5 58. f5 exf5 59.
Kf4 Kxh4 60. Kxf5 g3 0-1

[Event "Calgary int."]
[Site "Calgary CAN"]
[Date "2022.09.20"]
[Round "1"]
[White "Dukic, Zachary"]
[Black "Panchanathan, M."]
[Result "1-0"]
[WhiteElo "2218"]
[BlackElo "2470"]
[PlyCount "97"]
[EventDate "2022.09.20"]
[EventType "tourn"]
[EventRounds "9"]
[EventCountry "CAN"]
[Source "Mark Crowther"]
[SourceDate "2022.10.10"]

1. e4 e5 2. Nf3 Nc6 3. Bb5 a6 4. Ba4 Nf6 5. O-O Be7 6. d3 b5 7. Bb3 d6 8. a3
O-O 9. Nc3 Nb8 10. Ne2 h6 11. Ng3 c5 12. c3 Nc6 13. h3 Re8 14. d4 Bf8 15. d5
Ne7 16. Nh2 Ng6 17. Bc2 c4 18. Ng4 Nf4 19. Nxf6+ Qxf6 20. Nh5 Qh4 21. Bxf4 exf4
22. Qf3 g6 23. Nxf4 Bg7 24. Ne2 Bd7 25. Nd4 a5 26. Qd1 Qf4 27. Ne2 Qg5 28. f4
Qh4 29. Qd2 b4 30. Rae1 Rab8 31. axb4 axb4 32. cxb4 Bxb2 33. Rb1 Bg7 34. Nd4
Ra8 35. Nc6 Bxh3 36. Qf2 Qh5 37. gxh3 Ra3 38. Bd1 Qxh3 39. Bf3 Rea8 40. Qg2 Qh4
41. Qh2 Qf6 42. b5 Ra2 43. Qg3 Qc3 44. b6 Bd4+ 45. Kh1 Bxb6 46. Rxb6 Ra1 47.
Rbb1 Rxb1 48. Rxb1 Qe3 49. Re1 1-0

[Event "Calgary int."]
[Site "Calgary CAN"]
[Date "2022.09.20"]
[Round "1"]
[White "Haessel, Dale"]
[Black "Sevillano, E."]
[Result "0-1"]
[WhiteElo "2082"]
[BlackElo "2406"]
[PlyCount "45"]
[EventDate "2022.09.20"]
[EventType "tourn"]
[EventRounds "9"]
[EventCountry "CAN"]
[Source "Mark Crowther"]
[SourceDate "2022.10.10"]

1. d4 d5 2. c4 dxc4 3. e4 e5 4. Nf3 exd4 5. Bxc4 Bb4+ 6. Nbd2 Nc6 7. O-O Bxd2
8. Qxd2 Be6 9. Bb5 Nge7 10. Nxd4 Bd7 11. Nb3 a6 12. Be2 Be6 13. Qc3 Bxb3 14.
axb3 Nd4 15. Bh5 Nec6 16. Be3 Qd6 17. Rfd1 O-O-O 18. Rd2 Qe5 19. Bxf7 Qxe4 20.
Rad1 Ne2+ 21. Rxe2 Rxd1+ 22. Re1 Qb1 23. Bc1 0-1

[Event "Calgary int."]
[Site "Calgary CAN"]
[Date "2022.09.20"]
[Round "1"]
[White "Malek, O."]
[Black "Bitan, B."]
[Result "0-1"]
[WhiteElo "2033"]
[BlackElo "2395"]
[PlyCount "46"]
[EventDate "2022.09.20"]
[EventType "tourn"]
[EventRounds "9"]
[EventCountry "CAN"]
[Source "Mark Crowther"]
[SourceDate "2022.10.10"]

1. d4 Nf6 2. Nf3 g6 3. Bf4 Bg7 4. c3 O-O 5. Nbd2 d6 6. e4 Nbd7 7. h3 b6 8. Bc4
Bb7 9. Qe2 Nh5 10. Bh2 e5 11. dxe5 dxe5 12. O-O Qe7 13. Rfe1 Nc5 14. Bd5 c6 15.
Bb3 Rad8 16. Bc2 Ba6 17. c4 Ne6 18. Rad1 Nhf4 19. Qf1 Qb4 20. g3 Qxb2 21. gxf4
Qxc2 22. fxe5 Bh6 23. Qe2 Nd4 0-1

[Event "Calgary int."]
[Site "Calgary CAN"]
[Date "2022.09.20"]
[Round "1"]
[White "Morozov, G."]
[Black "Jaferian, K."]
[Result "0-1"]
[WhiteElo "2363"]
[BlackElo "2236"]
[PlyCount "60"]
[EventDate "2022.09.20"]
[EventType "tourn"]
[EventRounds "9"]
[EventCountry "CAN"]
[Source "Mark Crowther"]
[SourceDate "2022.10.10"]

1. d4 d5 2. c4 dxc4 3. Nf3 Nf6 4. Nc3 a6 5. e3 e6 6. a4 c5 7. Bxc4 Nc6 8. O-O
Be7 9. Ne5 Bd7 10. Nxd7 Qxd7 11. d5 exd5 12. Bxd5 Nxd5 13. Nxd5 Rd8 14. e4 Nb4
15. Ra3 Nxd5 16. Rd3 Ne3 17. Rxd7 Nxd1 18. Rdxd1 b5 19. Rxd8+ Kxd8 20. axb5
axb5 21. Bf4 Kc8 22. Be5 f6 23. Bc3 Rd8 24. Rc1 Kb7 25. Kf1 c4 26. Ke2 Kc6 27.
Bd2 Rd3 28. Ra1 Bc5 29. Ra6+ Kb7 30. Ra5 Rxd2+ 0-1